02816cam a2200313 4500999001500000001000700015003000600022005001700028008004100045010001300086020001500099020001800114035001800132040005900150050001600209082001500225092002100240100003700261245011300298250001200411260005500423300001800478505083800496505098401334650003902318700002102357942001202378952011202390 c1694d1694900759OCoLC20180919181125.0740424s1974 miu 001 0 eng  a73017641 a0310223903 a9780310223900 a(OCoLC)900759 aDLCbengcDLCdBAKERdXBEdOCLCGdWY@dOCLCOdCFTdCUL00aBT77b.C452 a230bC433m a230bC4331m 19741 aChafer, Lewis Sperry,d1871-195210aMajor Bible themes;b52 vital doctrines of the Scripture simplified and explained.cRev. by John F. Walvoord aRev. ed aGrand Rapids, Mich.,bZondervan Pub. Housec[1974] a374 p.c23 cm0 aThe Bible: the Word of God -- The Bible: inspired of God -- The Bible: its subject and purpose -- The Bible: as a divine revelation -- God the trinity -- God the father -- God the son: his deity and eternity -- God the son: his incarnation -- God the son: his substitutionary death -- God the son: his resurrection -- God the son: his ascension and priestly ministry -- God the son: his coming for the saints -- God the son: his coming with his saints -- God the Holy Spirit: his personality -- God the Holy Spirit: his advent -- God the Holy Spirit: his regeneration -- God the Holy Spirit: his indwelling and sealing -- God the Holy Spirit: his baptism -- God the Holy Spirit: his filling -- The dispensations -- The covenants -- The angels -- Satan: his personality and power -- Satan: his work and destiny -- Man: his creation --0 aMan: his fall -- Sin: its character and universality -- Salvation from the penalty of sin -- Salvation from the power of sin -- Four aspects of righteousness -- Sanctification -- Assurance of salvation -- Security of salvation -- Divine election -- The church: her members -- The church: her purpose and commission -- The church: her service and stewardship -- The church: her worship in prayer and thanksgiving -- The church: her organization and ordinances -- The church: the body and bride of Christ and her reward -- The sabbath and the Lord's day -- The gentiles in history and prophecy -- Israel in history and prophecy -- Events preceding the second coming of Christ -- The great tribulation -- The second coming of Christ -- The resurrections -- The judgment of Israel and the nations -- The millennial kingdom -- The judgment of Satan and fallen angels -- The judgment of the great white throne -- The new heaven and the new earth -- Index of subjects -- Scripture index 0aTheology, DoctrinalvPopular works1 aWalvoord, John F 2ddccBK 00102ddc40708NFICaHMCbHMCcGENd2018-09-19l0o230 C433mp003005r2018-09-19 00:00:00w2018-09-19yBK